The management of manufacturing systems (Record no. 82461)
[ view plain ]
| 000 -LEADER | |
|---|---|
| fixed length control field | 00789nam a2200193 a 4500 |
| 008 - FIXED-LENGTH DATA ELEMENTS--GENERAL INFORMATION | |
| fixed length control field | 120416s1977 ||||||||||||||||| || u |
| 020 ## - INTERNATIONAL STANDARD BOOK NUMBER | |
| International Standard Book Number | 0333195221 |
| 050 ## - LIBRARY OF CONGRESS CALL NUMBER | |
| Classification number | TS 155 Rad |
| 100 ## - MAIN ENTRY--PERSONAL NAME | |
| Personal name | Richardson, D. B. (Donald Brian) |
| 245 14 - TITLE STATEMENT | |
| Title | The management of manufacturing systems |
| 260 ## - PUBLICATION, DISTRIBUTION, ETC. | |
| Place of publication, distribution, etc. | London |
| Name of publisher, distributor, etc. | Macmillan |
| Date of publication, distribution, etc. | 1977 |
| 300 ## - PHYSICAL DESCRIPTION | |
| Extent | vii, 224p. : ill. |
| 350 ## - | |
| -- | 0.00 |
| 650 ## - SUBJECT ADDED ENTRY--TOPICAL TERM | |
| Topical term or geographic name entry element | PRODUCTION |
| 650 #0 - SUBJECT ADDED ENTRY--TOPICAL TERM | |
| Topical term or geographic name entry element | PRODUCTION MANAGEMENT |
| 700 ## - ADDED ENTRY--PERSONAL NAME | |
| Personal name | Radford, J. D. (John Dennis) |
| 995 ## - | |
| -- | MAIN LIBRARY OPEN ACCESS |
| -- | 0.00 |
| -- | 015894 |
| -- | CBU-MAIN LIBRARY (Kitwe) |
| -- | 1 |
| -- | 7.50 |
| -- | TS 155 Rad |
| -- | 2 |
| -- | WEEDED |
| -- | 015894 |
| -- | Main Library Open Access Collection |
| 995 ## - | |
| -- | MAIN LIBRARY OPEN ACCESS |
| -- | 0.00 |
| -- | 708702 |
| -- | CBU-MAIN LIBRARY (Kitwe) |
| -- | 2 |
| -- | 7.50 |
| -- | TS 155 Rad |
| -- | 1 |
| -- | WEEDED |
| -- | 015893 |
| -- | Main Library Open Access Collection |
| 999 ## - | |
| -- | 82461 |
| -- | 82461 |
| Withdrawn status | Lost status | Source of classification or shelving scheme | Damaged status | Not for loan | Permanent Location | Current Location | Shelving location | Date acquired | Total Checkouts | Full call number | Barcode | Date last seen | Copy number | Price effective from | Koha item type |
|---|---|---|---|---|---|---|---|---|---|---|---|---|---|---|---|
| CBU-MAIN LIBRARY, KITWE. | CBU-MAIN LIBRARY, KITWE. | 09/29/2023 | TS 155 Rad | 015894 | 09/29/2023 | 1 | 09/29/2023 | MONOGRAPH | |||||||
| CBU-MAIN LIBRARY, KITWE. | CBU-MAIN LIBRARY, KITWE. | 09/29/2023 | TS 155 Rad | 015893 | 09/29/2023 | 2 | 09/29/2023 | MONOGRAPH |